000 01242nmc a2200337 a 4500
003 AR-BaBNM
005 20251128210537.0
008 130020s1999 ||||||||||||||000 | spa||
020 _a84-277-1285-5
040 _cAR-BaBNM
100 1 _aLillo Redonet, Fernando
245 1 0 _aCultura clásica en las áreas curriculares y en los temas transversales
260 _aMadrid
_bNarcea
_bMinisterio de Educación y Cultura
_c1999
300 _a174 p.
_bil., tablas
490 0 _aMateriales 12-16 para Educación Secundaria. Materias optativas
500 _aEsta carpeta contiene cinco libros: Guía para el profesorado / 1, Grecia y Roma ante la naturaleza / 2, Mens sana in corpore sano: la medicina grecorromana y nuestro mundo / 3, La vida en sociedad: el díficil arte de gobernar / 4, La guerra cotidiana y la
650 4 _aENSENANZA DE LA HISTORIA
650 4 _aMETODOS DE ENSENANZA
650 4 _aMATERIAL DIDACTICO
650 4 _aBIBLIOGRAFIA
650 4 _aPROYECTOS
650 4 _aEDUCACION AMBIENTAL
650 4 _aINTEGRACION ESCOLAR
650 4 _aEDUCACION POLITICA
650 4 _aEDUCACION PARA LA PAZ
651 4 _aRoma
651 4 _aGrecia
653 _aEDUCACION SECUNDARIA
942 _cBK
998 _cMariana
999 _c15879
_d15879